Sociologie de la jeunesse (notice n° 2198633)

détails MARC
000 -LEADER
fixed length control field 01470cam a2200133 4500500
005 - DATE AND TIME OF LATEST TRANSACTION
control field 20260405085553.0
041 ## - LANGUAGE CODE
Language code of text/sound track or separate title fre
042 ## - AUTHENTICATION CODE
Authentication code dc
100 10 - MAIN ENTRY--PERSONAL NAME
Personal name Galland, Olivier
Relator term author
245 00 - TITLE STATEMENT
Title Sociologie de la jeunesse
260 ## - PUBLICATION, DISTRIBUTION, ETC.
Name of publisher, distributor, etc. Armand Colin,<br/>
Date of publication, distribution, etc. 2022.<br/>
520 ## - SUMMARY, ETC.
Summary, etc. La jeunesse est une catégorie aux contours incertains. À quel âge débute-t-elle, à quel âge finit-elle ? La sociologie montre que la jeunesse est avant tout un passage dont les frontières et la définition ont évolué au cours de l’histoire et se modulent selon les situations sociales. L’affaiblissement des rites de passage, l’allongement des transitions professionnelles et la prolongation du temps des expériences qui tendent à repousser toujours plus tard l’accès à un plein statut adulte font que la jeunesse se décompose désormais en plusieurs phases – de l’adolescence au statut de jeune adulte – que ce livre tente de décrire. Devenu un « classique » du sujet depuis sa parution initiale en 1991, l’ouvrage repère et explique les évolutions significatives entraînées par ce mouvement général de recomposition sociale que la jeunesse subit parfois douloureusement. Cette 7e édition actualise les travaux récents sur l’entrée dans la vie adulte, les valeurs des jeunes, les comportements sexuels et la culture adolescente.
856 41 - ELECTRONIC LOCATION AND ACCESS
Uniform Resource Identifier <a href="https://shs.cairn.info/sociologie-de-la-jeunesse--9782200631352?lang=fr&redirect-ssocas=7080">https://shs.cairn.info/sociologie-de-la-jeunesse--9782200631352?lang=fr&redirect-ssocas=7080</a>

Pas d'exemplaire disponible.

PLUDOC

PLUDOC est la plateforme unique et centralisée de gestion des bibliothèques physiques et numériques de Guinée administré par le CEDUST. Elle est la plus grande base de données de ressources documentaires pour les Étudiants, Enseignants chercheurs et Chercheurs de Guinée.

Adresse

627 919 101/664 919 101

25 boulevard du commerce
Kaloum, Conakry, Guinée

Réseaux sociaux

Powered by Netsen Group @ 2025